Nghiên cứu thành phần hóa học và xác định cấu trúc một số chất trong tinh dầu thân rễ cây alpinia.sp ở tỉnh Kontum

Tổng quan. Những nghiên cứu thực nghiệm. Kết quả và bàn luận

Đã lưu trong:
Sonraí Bibleagrafaíochta
Príomhúdar: Trần Văn Hơn
Údair Eile: Nguyễn Thị Bích Tuyết TS (Hướng dẫn)
Formáid: Leabhar
Teanga:Vietnamese
Foilsithe: Đà Nẵng Đại học Đà Nẵng 2007
Ábhair:
Clibeanna: Cuir Clib Leis
Gan Chlibeanna, Bí ar an gcéad duine leis an taifead seo a chlibeáil!
Thư viện lưu trữ: Mạng thư viện Đại học Đà Nẵng
LEADER 01441nam a2200361 4500
001 000010402
003 6606
005 20111213151235.0
008 111213s2007 viesd
041 |a vie 
072 |a Luận văn Thạc sĩ Khoa học 
082 |a 665.3  |b TR-H 
100 |a Trần Văn Hơn 
245 |a Nghiên cứu thành phần hóa học và xác định cấu trúc một số chất trong tinh dầu thân rễ cây alpinia.sp ở tỉnh Kontum  |c Trần Văn Hơn 
260 |a Đà Nẵng  |b Đại học Đà Nẵng  |c 2007 
300 |a 77tr  |c 29cm 
500 |a Luận văn Thạc sĩ Khoa học. Chuyên ngành: Hóa hữu cơ. Mã số: 60.44.27 
520 |a Tổng quan. Những nghiên cứu thực nghiệm. Kết quả và bàn luận 
653 |a Hóa học 
653 |a Luận văn Thạc sĩ Hóa hữu cơ 
653 |a Tinh dầu 
653 |a Alpinia.sp 
700 |a Nguyễn Thị Bích Tuyết  |c TS  |e Hướng dẫn 
OWN |a LSP 
AVA |a UDN50  |b LSP  |d 665.3 TR-H  |e available  |t Error 5001 Not defined in file expand_doc_bib_avail.  |f 1  |g 0  |h N  |i 0  |k 1 
999 |a From the UDN01 
AVA |a UDN50  |b LSP  |d 665.3 TR-H  |e available  |t Error 5001 Not defined in file expand_doc_bib_avail.  |f 1  |g 0  |h N  |i 0  |k 1 
TYP |a Monograph 
TYP |a Printed language 
980 |a Mạng thư viện Đại học Đà Nẵng